=LDR 00000nam 2200000 4500 =001 INLIS000000000048789 =005 20200512074301 =035 ##$$a 0010-011700000000070 =008 200512################g##########0#ind## =040 ##$$a NBPDMAT =082 ##$$a 297.617 22 =090 ##$$a 297.617 22$bUmm s =100 ##$$a Ummu Aisyah Alawiyah =245 1#$$a Sufi-sufi wanita : $b Penuntun jalan keindahan /$c Ummu Aisyah Alawiyah; Editor: Abu Ais =250 ##$$a Cet. 5 =260 ##$$a Jombang :$b Ash-Shofa,$c 2014 =300 ##$$a 183 hlm. ; $c 24 x 16 cm =650 #4$$a Wanita dalam Islam =850 ##$$a NBPDMAT =084 ##$$a 297.617 22 UMM s =504 ##$$a Bibliografi: halaman 183 =990 ##$$a 21600875 =990 ##$$a 21600876 =990 ##$$a 21600877 =990 ##$$a 21600878 =990 ##$$a 21600879 =990 ##$$a 21600875 =990 ##$$a 21600876 =990 ##$$a 21600877 =990 ##$$a 21600878 =990 ##$$a 21600879